000 00933nam a2200253 i 4500
001 bg
100 1 _aKŁOBUKOWSKI, Bolesław
245 1 0 _aPrzeglądy i konserwacje punktów geodezyjnych, grawimetrycznych i magnetycznych /
_c[Bolesław Kłobukowski] ; Główny Urząd Geodezji i Kartografii.
260 _aWarszawa :
_bGUGiK,
_c1986.
300 _a70, [14] s. :
_brys. ;
_c21 cm.
490 1 _aWytyczne Techniczne / G-1.6
650 9 _aGeodezja
655 _aInstrukcje
710 0 _aGłówny Urząd Geodezji i Kartografii
830 0 _aWytyczne Techniczne
020 _a8323900167
040 _cBPK
041 0 _apol
080 _a528.3/.4(083.1)
920 _a83-239-0016-7
942 _cKA
008 s pl f |000 0 pol
999 _c35160
_d35160
856 _uhttp://koha.tu.koszalin.pl/cgi-bin/koha/opac-detail.pl?biblionumber=35160
_yKatalog online BPK